00656 2200217 4500001002100000005001700021008004100038035002400079082001100103090002100114100001700135245006000152260009600212300002400308500002500332650003300357850001200390980001500402985000600417999001500423YOGYA-0209000005054220090227032534.0 ind  0010-020900000050542 a499.28 a499.28bKer HlT aKERAF, Gorys aHambahan dalam pengajaran karang mengarangcGorys Keraf aJakartabPusat Pembinaan dan Pengembangan Bahasa Departemen Pendidikan dan Kebudayaanc1981 a47 hlmbilusc22 cm aTermasuk bibliografi aBahasa Indonesia - Pelajaran aYOPDYOG a17-12-2007 a1 aa000061556